| 000 | 01026cam a2200313 a 4500 | ||
|---|---|---|---|
| 001 | 9874 | ||
| 003 | FISKH | ||
| 005 | 20260317075650.0 | ||
| 008 | 840229s1984 nyu j 000 1 eng | ||
| 010 | _a 84005019 | ||
| 020 | _a089919219X | ||
| 035 | _a1895505 | ||
| 040 |
_aDLC _cDLC _dDLC _beng |
||
| 050 | 0 | 0 | _aPZ7 .B91527 .S |
| 082 | _a813 | ||
| 100 | 1 |
_aBunting, Eve, _d1928- |
|
| 245 | 1 | 0 |
_aSomeone is hiding on Alcatraz Island / _cEve Bunting. |
| 260 |
_aNew York : _bClarion Books, _c1984. |
||
| 300 |
_a136 pages : _c21 cm |
||
| 505 | _aP | ||
| 520 | _aWhen he offends the toughest gang in his San Francisco school, Danny tries to elude them by going to Alcatraz only to find himself and a Park Service employee trapped by the gang in an old prison cell block. | ||
| 521 | 8 |
_a630
_bLexile |
|
| 521 | 8 |
_aP
_bRaz-Plus |
|
| 650 | 1 |
_aGangs _xFiction. |
|
| 651 | 0 |
_aAlcatraz Island (Calif.) _xFiction. |
|
| 906 |
_a7 _bcbc _corignew _d1 _eocip _f19 _gy-gencatlg |
||
| 942 |
_2ddc _cBK _n0 |
||
| 999 |
_c9874 _d9874 |
||